US Presidents - Birth and Death Year - Statistics

General Stats
  • This quiz has been taken 63 times
  • The average score is 25 of 45
Answer Stats
Birth Year Death Year President % Correct
1946 Still alive Bill Clinton/George W Bush/Donald Trump
92%
1961 Still alive Barack Obama
88%
1942 Still alive Joe Biden
88%
1946 Still alive Bill Clinton/George W Bush/Donald Trump
83%
1946 Still alive Bill Clinton/George W Bush/Donald Trump
83%
1732 1799 George Washington
83%
1924 2024 Jimmy Carter
83%
1809 1865 Abraham Lincoln
79%
1924 2018 George H W Bush
75%
1911 2004 Ronald Reagan
75%
1917 1963 John F Kennedy
71%
1882 1945 Franklin D Roosevelt
67%
1913 2006 Gerald Ford
67%
1735 1826 John Adams
67%
1913 1994 Richard Nixon
67%
1751 1836 James Madison
58%
1743 1826 Thomas Jefferson
58%
1843 1901 William McKinley
54%
1808 1875 Andrew Johnson
50%
1872 1933 Calvin Coolidge
50%
1884 1972 Harry Truman
50%
1874 1964 Herbert Hoover
50%
1831 1881 James Garfield
50%
1767 1848 John Quincy Adams
50%
1908 1973 Lyndon B Johnson
50%
1858 1919 Theodore Roosevelt
50%
1890 1969 Dwight Eisenhower
46%
1865 1923 Warren Harding
46%
1784 1850 Zachry Taylor
46%
1833 1901 Benjamin Harrison
42%
1795 1849 James Polk
42%
1782 1862 Martin VanBuren
42%
1800 1874 Millard Fillmore
42%
1822 1893 Rutherford Hayes
42%
1773 1841 William Henry Harrison
42%
1767 1845 Andrew Jackson
38%
1829 1886 Chester Arthur
38%
1791 1868 James Buchanan
38%
1758 1831 James Monroe
38%
1790 1862 John Tyler
38%
1822 1885 Ulysses Grant
38%
1856 1924 Woodrow Wilson
38%
1804 1869 Franklin Pierce
33%
1857 1930 William Taft
29%
1837 1908 Grover Cleveland
25%
No matching quizzes found
Score Distribution
Percent of People with Each Score
Percentile by Number Answered
Your Score History
You have not taken this quiz